000 00612nam a2200193Ia 4500
005 20250507130206.0
008 008 250505s9999 xx 000 0 eng d
037 _aSeries Article
040 _aEASL
_beng
_cEASL
041 _aeng
_2eng
084 _qEASL
100 _aSullivan Jonathan
_9668733
245 0 _aNasty or nice?: Explaining positive and negative campaign behavior in Taiwan
260 _aAustralia
_bCanberra Australian National University Australia
_c2012
650 _aTaiwan; Taiwan
_9755027
700 _aSapir Eliyahu
_9668734
942 _cSRA
999 _c1318239
_d1318239